[Event "I Open A"]
[Site "Civitanova Marche ITA"]
[Date "2006.08.04"]
[Round "7"]
[White "Rombaldoni, Denis"]
[Black "Bruno, Fabio"]
[Result "0-1"]
[WhiteElo "2348"]
[BlackElo "2388"]
[PlyCount "210"]
[EventDate "2006.07.29"]

1. d4 d5 2. c4 c6 3. Nf3 e6 4. e3 Nf6 5. Nc3 a6 6. b3 Bb4 7. Bd2 Nbd7 8. Qc2
Qe7 9. Bd3 O-O 10. O-O e5 11. dxe5 Nxe5 12. Nxe5 Qxe5 13. cxd5 cxd5 14. a3 Bd6
15. f4 Qh5 16. Ne2 Re8 17. Ng3 Qh4 18. Rf3 g6 19. Qb2 Bg4 20. Be1 Re6 21. Ne4
Qxe1+ 22. Rxe1 dxe4 23. Bc4 exf3 24. Bxe6 f2+ 25. Kxf2 Ne4+ 26. Kg1 Bxe6 27.
Qd4 f5 28. Rc1 Re8 29. b4 Kf7 30. g4 Re7 31. Qh8 fxg4 32. Qxh7+ Kf6 33. Qh8+
Kf7 34. Qd4 Bf5 35. Qd5+ Kf8 36. Rc4 Bb8 37. Qd4 Bd6 38. Qd5 Bb8 39. Qd8+ Re8
40. Qd4 Nd6 41. Qh8+ Kf7 42. Qh7+ Ke6 43. Rc3 Ba7 44. Qg7 Nb5 45. Rb3 Re7 46.
Qg8+ Kf6 47. Qf8+ Ke6 48. Kf2 Nd6 49. a4 Kd7 50. Qa8 Bb6 51. Qh8 Bc2 52. Ra3
Nf5 53. Rc3 Bxe3+ 54. Kf1 Re8 55. Qh7+ Re7 56. Qg8 Be4 57. Qc8+ Kd6 58. Qb8+
Ke6 59. Qg8+ Kf6 60. Qf8+ Ke6 61. Qg8+ Kd6 62. Qd8+ Ke6 63. Rc8 Nd6 64. Qg8+
Nf7 65. Ke2 Bxf4 66. Rc4 Bf3+ 67. Kf2 Bxh2 68. Qxg6+ Kd7 69. Qf5+ Ke8 70. Rc8+
Nd8 71. Qh5+ Kd7 72. Qf5+ Ne6 73. Rc2 Bc6 74. Qxg4 Bd6 75. Re2 Bxa4 76. Ke1 Bc6
77. Rd2 Kc7 78. Re2 Nd8 79. Rxe7+ Bxe7 80. Qg7 Kd7 81. Qd4+ Bd6 82. Qg7+ Kc8
83. Kd1 Bc7 84. Kc2 Kb8 85. Kb2 Bb6 86. Qh8 Ka7 87. Qg8 Bb5 88. Kb3 Nc6 89. Qh8
Bd4 90. Qh4 Bd3 91. Qg5 Kb6 92. Qh5 Be4 93. Qg5 Bf3 94. Ka3 Bd1 95. Qd2 Bg4 96.
Qg2 Be6 97. Qe4 Be5 98. Qg6 Bd7 99. Qg1+ Kc7 100. b5 axb5 101. Qg6 Bd6+ 102.
Kb2 b4 103. Qh7 Ne5 104. Qg8 Nd3+ 105. Kb3 Be6+ 0-1

[Event "I Open A"]
[Site "Civitanova Marche ITA"]
[Date "2006.08.04"]
[Round "7"]
[White "Stromboli, Ettore"]
[Black "Guidi, Maurizio"]
[Result "0-1"]
[WhiteElo "2224"]
[BlackElo "2090"]
[PlyCount "98"]
[EventDate "2006.07.29"]

1. e4 c5 2. Nf3 Nc6 3. d4 cxd4 4. Nxd4 g6 5. c4 Bg7 6. Be3 Nf6 7. Nc3 Ng4 8.
Qxg4 Nxd4 9. Qd1 Ne6 10. Be2 Qa5 11. Qd2 b6 12. O-O Bb7 13. f3 d6 14. a3 Bxc3
15. bxc3 h5 16. Rfb1 Bc6 17. Bd4 Nxd4 18. Qxd4 O-O 19. Bd3 Rac8 20. Rb4 Rc7 21.
a4 Rfc8 22. Re1 Qg5 23. Qf2 Qe5 24. Qd2 Qc5+ 25. Qe3 Bd7 26. Qd4 Be6 27. Rc1
Qg5 28. Rc2 Rc5 29. Bf1 h4 30. Rf2 Qf4 31. Rb5 Qc1 32. Rxc5 Rxc5 33. e5 Rxe5
34. Qxh4 Re1 35. Qd4 Qd1 36. Qh4 Bf5 37. h3 Bd3 38. Kh2 Bxf1 39. a5 Bd3 40.
axb6 axb6 41. Kg3 Re2 42. Kh2 Qe1 43. Rxe2 Qxh4 44. Rb2 Qf4+ 45. g3 Qe3 46. c5
bxc5 47. c4 Bxc4 48. h4 Qxf3 49. h5 Qxh5+ 0-1

[Event "I Open A"]
[Site "Civitanova Marche ITA"]
[Date "2006.08.05"]
[Round "8"]
[White "Altini, Daniele"]
[Black "Rinaudo, Sergio"]
[Result "1-0"]
[WhiteElo "2292"]
[BlackElo "2122"]
[PlyCount "69"]
[EventDate "2006.07.29"]

1. e4 e5 2. Nf3 Nf6 3. Nxe5 d6 4. Nf3 Nxe4 5. d4 d5 6. Bd3 Nc6 7. O-O Be7 8.
Re1 Bg4 9. c3 f5 10. Nbd2 Qd6 11. Qc2 O-O 12. b4 Bf6 13. a4 Rfe8 14. Ba3 Qf4
15. b5 Nxd4 16. cxd4 Bxd4 17. Nxe4 Bxf3 18. g3 Qe5 19. Nd2 Qxe1+ 20. Rxe1 Rxe1+
21. Bf1 Be2 22. Kg2 Re8 23. Qxf5 c6 24. bxc6 bxc6 25. Qd7 Bxf1+ 26. Nxf1 R1e2
27. Kh3 Bxf2 28. Qxc6 R2e5 29. Bc5 Bxc5 30. Qxc5 R8e7 31. Nd2 Kf7 32. Nf3 Rh5+
33. Kg4 g6 34. Ng5+ Kg7 35. Qxe7+ 1-0

[Event "I Open A"]
[Site "Civitanova Marche ITA"]
[Date "2006.08.05"]
[Round "8"]
[White "Bove, Alessandro"]
[Black "Rombaldoni, Axel"]
[Result "0-1"]
[WhiteElo "2097"]
[BlackElo "2169"]
[PlyCount "86"]
[EventDate "2006.07.29"]

1. e4 c5 2. f4 Nc6 3. Nf3 g6 4. g3 Bg7 5. Bg2 e6 6. d3 Nge7 7. O-O O-O 8. c3 d5
9. Be3 d4 10. Bf2 Rb8 11. c4 b5 12. Nfd2 Nb4 13. Nb3 bxc4 14. dxc4 Qb6 15. Nc1
Ba6 16. Nd2 Rfd8 17. a3 Nbc6 18. Nd3 e5 19. Qc2 Bc8 20. Rab1 a5 21. b3 Rf8 22.
Nf3 f6 23. Be1 Be6 24. Bd2 Kh8 25. h3 Nc8 26. fxe5 fxe5 27. b4 axb4 28. axb4
cxb4 29. Bxb4 Nxb4 30. Rxb4 Qc7 31. Rxb8 Qxb8 32. Rb1 Qc7 33. c5 Bxh3 34. Bxh3
Rxf3 35. Kg2 Rf8 36. Qc4 Qc6 37. Qd5 Qf6 38. Kh2 Ne7 39. Qe6 Qf3 40. Nxe5 Qe2+
41. Kg1 Qe3+ 42. Kh2 Qe2+ 43. Kh1 Qxe4+ 0-1

[Event "I Open A"]
[Site "Civitanova Marche ITA"]
[Date "2006.08.05"]
[Round "8"]
[White "Brancaleoni, Maurizio"]
[Black "Rinaudo, Andrea"]
[Result "1/2-1/2"]
[WhiteElo "2275"]
[BlackElo "2116"]
[PlyCount "53"]
[EventDate "2006.07.29"]

1. d4 Nf6 2. c4 e6 3. Nc3 d5 4. cxd5 exd5 5. Bg5 Be7 6. e3 c6 7. Bd3 Nbd7 8.
Qc2 h6 9. Bh4 O-O 10. Nge2 Re8 11. h3 Ne4 12. Bxe7 Qxe7 13. Bxe4 dxe4 14. Ng3
Nf6 15. O-O-O b6 16. Qb3 Bb7 17. Nf5 Qe6 18. Qxe6 Rxe6 19. b3 Rd8 20. Kb2 Ree8
21. Ng3 Re7 22. Rc1 g6 23. Rhd1 h5 24. Nge2 Kg7 25. Rc2 h4 26. a3 Rd6 27. b4
1/2-1/2

[Event "I Open A"]
[Site "Civitanova Marche ITA"]
[Date "2006.08.05"]
[Round "8"]
[White "Brunello, Roberta"]
[Black "Rombaldoni, Denis"]
[Result "0-1"]
[WhiteElo "1863"]
[BlackElo "2348"]
[PlyCount "78"]
[EventDate "2006.07.29"]

1. e4 c6 2. d4 d5 3. e5 g6 4. Nf3 Bg7 5. Be2 Nh6 6. b3 a5 7. a4 Na6 8. Bb2 f6
9. exf6 exf6 10. O-O O-O 11. c4 Nc7 12. Nc3 Be6 13. Re1 Qd7 14. Qc2 Qf7 15.
cxd5 Nxd5 16. Nxd5 Bxd5 17. Bc4 Rfd8 18. Ba3 Nf5 19. Bc5 Bf8 20. Bxf8 Kxf8 21.
Rad1 Qc7 22. Bxd5 Rxd5 23. Re6 Re8 24. Rxe8+ Kxe8 25. Re1+ Kf7 26. Qc4 Qd6 27.
Qe2 Qd7 28. Qc4 Kg7 29. Rd1 c5 30. h3 Nxd4 31. Nxd4 Rxd4 32. Rxd4 cxd4 33. Qd3
Qd5 34. f3 f5 35. Kf2 f4 36. g3 Qe5 37. gxf4 Qxf4 38. Ke2 Kf6 39. Kd1 Qe3 0-1

[Event "I Open A"]
[Site "Civitanova Marche ITA"]
[Date "2006.08.05"]
[Round "8"]
[White "Brunello, Sabino"]
[Black "Castaldo, Folco"]
[Result "1-0"]
[WhiteElo "2391"]
[BlackElo "2336"]
[PlyCount "73"]
[EventDate "2006.07.29"]

1. e4 e6 2. d4 d5 3. e5 c5 4. c3 Qb6 5. Nf3 Nc6 6. a3 Nh6 7. b4 cxd4 8. cxd4
Nf5 9. Bb2 Bd7 10. g4 Nh6 11. h3 f6 12. exf6 gxf6 13. Nc3 Nf7 14. Na4 Qc7 15.
Rc1 Qf4 16. Rc3 Ng5 17. Nxg5 fxg5 18. Re3 Bg7 19. Nc5 O-O 20. Qd2 Bc8 21. Nd3
Qf7 22. Bg2 Bxd4 23. Bxd4 Nxd4 24. O-O Qg7 25. f4 Bd7 26. Re5 h6 27. Nc5 Nc6
28. Rxe6 Be8 29. Bxd5 Bf7 30. Rd6 Rad8 31. Nxb7 Rxd6 32. Nxd6 Nd8 33. Nxf7 Nxf7
34. fxg5 Qe5 35. g6 Rd8 36. gxf7+ Kg7 37. Bg2 1-0

[Event "I Open A"]
[Site "Civitanova Marche ITA"]
[Date "2006.08.05"]
[Round "8"]
[White "Bruno, Fabio"]
[Black "Piscopo, Pierluigi"]
[Result "1/2-1/2"]
[WhiteElo "2388"]
[BlackElo "2393"]
[PlyCount "23"]
[EventDate "2006.07.29"]

1. c4 g6 2. Nc3 Bg7 3. g3 Nf6 4. e4 d6 5. Bg2 e5 6. Nge2 O-O 7. O-O c6 8. d3 a5
9. h3 Na6 10. Be3 Ne8 11. Qd2 Nc5 12. d4 1/2-1/2

[Event "I Open A"]
[Site "Civitanova Marche ITA"]
[Date "2006.08.05"]
[Round "8"]
[White "Di Caro, Calogero"]
[Black "Bukal, Vladimir jr"]
[Result "0-1"]
[WhiteElo "2340"]
[BlackElo "2407"]
[PlyCount "84"]
[EventDate "2006.07.29"]

1. d4 g6 2. c4 Bg7 3. e4 d6 4. Nc3 c5 5. d5 Nf6 6. Nge2 O-O 7. Ng3 h5 8. Be2 h4
9. Nf1 b5 10. cxb5 a6 11. bxa6 Qa5 12. Nd2 h3 13. gxh3 Bxa6 14. O-O Bxe2 15.
Qxe2 Nfd7 16. Nc4 Qa6 17. Bd2 Bxc3 18. Bxc3 Nb6 19. b3 N8d7 20. Qg4 Na4 21. Bd2
Nab6 22. Nxb6 Nf6 23. Qg2 Qxb6 24. Bc3 Ra3 25. Bb2 Ra6 26. Qf3 Qb4 27. Rae1 Nh5
28. Bc3 Qb5 29. Re2 c4 30. b4 Ra3 31. Qe3 Nf4 32. Rc2 e5 33. Kh1 Rfa8 34. Rg1
Rxa2 35. Rxa2 Rxa2 36. Rg4 Re2 37. Qf3 Rc2 38. Qe3 Qa4 39. Rxf4 exf4 40. Qd4
Rxc3 41. Qxc3 Qb3 42. Qf6 f3 0-1

[Event "I Open A"]
[Site "Civitanova Marche ITA"]
[Date "2006.08.05"]
[Round "8"]
[White "Madan, Augustin"]
[Black "Calavalle, Giulio"]
[Result "1-0"]
[WhiteElo "2411"]
[BlackElo "2200"]
[PlyCount "203"]
[EventDate "2006.07.29"]

1. e4 c5 2. Nf3 Nc6 3. Bb5 g6 4. Bxc6 dxc6 5. d3 Bg7 6. h3 Nf6 7. Nc3 b6 8. Be3
Nd7 9. Qd2 Ne5 10. Nh2 Be6 11. O-O f6 12. f4 Nf7 13. a3 Bd7 14. Nf3 Qc7 15. b4
cxb4 16. axb4 O-O 17. Ra3 e5 18. fxe5 Nxe5 19. Nxe5 Qxe5 20. Ne2 Qe7 21. Bd4 a5
22. Rfa1 c5 23. bxc5 bxc5 24. Bb2 a4 25. Nc3 Rfb8 26. Nd5 Qd6 27. c4 Ra7 28.
Rf1 Rab7 29. Nxf6+ Bxf6 30. Bxf6 Rf8 31. e5 Qd4+ 32. Qf2 Rb3 33. Qxd4 cxd4 34.
Rfa1 Re8 35. R1a2 Kf7 36. Rxb3 axb3 37. Rb2 Rb8 38. Kf2 Bf5 39. Ke2 h5 40. Bh4
Ke6 41. Bf2 Rd8 42. Rxb3 Kxe5 43. Bg3+ Ke6 44. Rb6+ Kf7 45. Rb7+ Ke6 46. Rb6+
Kf7 47. Be5 Re8 48. Rb5 Ra8 49. Bxd4 Ra3 50. Bb2 Ra7 51. Kd2 Rd7 52. d4 Rc7 53.
Kc3 Be4 54. g3 Bg2 55. h4 Bf1 56. Rb4 Re7 57. Bc1 Re1 58. Bf4 Rd1 59. d5 Rd3+
60. Kb2 Rd4 61. Kc3 Rd3+ 62. Kc2 Rd4 63. Kb3 Rd3+ 64. Kb2 Rd4 65. Rb7+ Ke8 66.
Rg7 Rxc4 67. Rxg6 Bh3 68. Rg7 Bg4 69. d6 Re4 70. Kc3 Be2 71. Rc7 Bg4 72. Ra7
Bf5 73. Ra5 Bg4 74. Ra7 Bf5 75. Rb7 Bg4 76. Rg7 Bf5 77. Kd2 Bg4 78. Ra7 Bf5 79.
Ra5 Bg4 80. Kd3 Rb4 81. Ke3 Rc4 82. Be5 Kd7 83. Ra7+ Ke8 84. Rh7 Ra4 85. Re7+
Kd8 86. Bf6 Kc8 87. Rc7+ Kb8 88. Be5 Ra3+ 89. Ke4 Ra4+ 90. Kd5 Ra5+ 91. Kd4
Ra4+ 92. Kc3 Ra5 93. Bf4 Ra7 94. Rc5 Rd7 95. Kd4 Kb7 96. Ke5 Kb6 97. Be3 Kb7
98. Bg5 Rf7 99. Bf6 Kb6 100. Rc4 Be2 101. Re4 Bf3 102. Rf4 1-0

[Event "I Open A"]
[Site "Civitanova Marche ITA"]
[Date "2006.08.05"]
[Round "8"]
[White "Pulito, Alberto"]
[Black "Guidi, Maurizio"]
[Result "1/2-1/2"]
[WhiteElo "2215"]
[BlackElo "2090"]
[PlyCount "62"]
[EventDate "2006.07.29"]

1. e4 c5 2. Nc3 Nc6 3. f4 g6 4. Nf3 Bg7 5. Bc4 e6 6. d3 Nge7 7. O-O O-O 8. Qe1
d5 9. Bb3 Nd4 10. Nxd4 cxd4 11. Ne2 dxe4 12. dxe4 b6 13. Ng3 Bb7 14. f5 exf5
15. Bg5 Qd6 16. exf5 Qc6 17. Qf2 Nxf5 18. Nxf5 gxf5 19. Qg3 Qg6 20. Rae1 Be4
21. Be7 Qxg3 22. hxg3 Rfe8 23. Bg5 d3 24. cxd3 Bxd3 25. Rxe8+ Rxe8 26. Rd1 Bb5
27. Rd5 Re5 28. Rd8+ Re8 29. Rd5 Re5 30. Rd2 Re2 31. Rd8+ Re8 1/2-1/2

[Event "I Open A"]
[Site "Civitanova Marche ITA"]
[Date "2006.08.06"]
[Round "9"]
[White "Altini, Daniele"]
[Black "Bruno, Fabio"]
[Result "1/2-1/2"]
[WhiteElo "2292"]
[BlackElo "2388"]
[PlyCount "171"]
[EventDate "2006.07.29"]

1. e4 c5 2. Nf3 e6 3. d4 cxd4 4. Nxd4 Nc6 5. Nb5 d6 6. c4 Nf6 7. N1c3 a6 8. Na3
Be7 9. Be2 b6 10. O-O Bb7 11. Be3 Nb8 12. f3 Nbd7 13. Qd2 Qc7 14. Rac1 Rc8 15.
Rfd1 O-O 16. Bf1 Qb8 17. Qf2 d5 18. cxd5 exd5 19. Nxd5 Nxd5 20. exd5 Bd6 21.
Rxc8 Rxc8 22. g3 b5 23. Bh3 Rd8 24. Nb1 Nf6 25. Bg5 Be5 26. Nc3 b4 27. Ne4 Rxd5
28. Rxd5 Nxd5 29. Kg2 Qc7 30. Nc5 Bc6 31. Bf5 Qa5 32. Bb1 Nf6 33. Qc2 h6 34.
Bxf6 Bxf6 35. Qh7+ Kf8 36. Qf5 Ke7 37. Be4 Be8 38. Qd5 Bxb2 39. Qb7+ Kf8 40.
Qc8 g6 41. Nxa6 Qxa2 42. Nxb4 Qb3 43. Nd5 Be5 44. f4 Qb2+ 45. Kh3 Qb8 46. Qc5+
Qd6 47. Qc8 Bd4 48. Nc7 Qd7+ 49. Qxd7 Bxd7+ 50. Kg2 Ke7 51. Nd5+ Kd6 52. Nb4
Kc5 53. Nc2 Bb2 54. Bf3 Bc1 55. Kf2 Ba4 56. Ne3 Kd4 57. Ng4 h5 58. Ne5 Be3+ 59.
Kg2 Bb3 60. Be2 Kc3 61. Nf3 Bd5 62. Kf1 f6 63. h4 Be4 64. Kg2 Kb4 65. Kf1 Kc5
66. Kg2 Kd5 67. Kh3 Ke6 68. Ne1 Bf2 69. Nf3 Kf5 70. Kg2 Bc5 71. Kh3 Be3 72. Bd1
Bxf4 73. gxf4 Kxf4 74. Nd2 Bd5 75. Nf1 Be6+ 76. Kg2 Bg4 77. Bc2 Bf3+ 78. Kh3
Bg4+ 79. Kg2 g5 80. hxg5 fxg5 81. Nh2 Be6 82. Bd1 h4 83. Nf1 Bd5+ 84. Kh2 Bf3
85. Bxf3 Kxf3 86. Kh3 1/2-1/2

[Event "I Open A"]
[Site "Civitanova Marche ITA"]
[Date "2006.08.06"]
[Round "9"]
[White "Brunello, Sabino"]
[Black "Di Caro, Calogero"]
[Result "1/2-1/2"]
[WhiteElo "2391"]
[BlackElo "2340"]
[PlyCount "40"]
[EventDate "2006.07.29"]

1. e4 e6 2. d4 d5 3. e5 c5 4. c3 Qb6 5. Nf3 Nc6 6. a3 Nh6 7. b4 cxd4 8. cxd4
Nf5 9. Bb2 Bd7 10. h4 h5 11. g3 Rc8 12. Bh3 g6 13. Bxf5 gxf5 14. Nc3 Na5 15.
Ne2 Nc4 16. Bc3 a5 17. bxa5 Nxa5 18. O-O Bb5 19. Bxa5 Qxa5 20. Re1 Qa4 1/2-1/2

[Event "I Open A"]
[Site "Civitanova Marche ITA"]
[Date "2006.08.06"]
[Round "9"]
[White "Bukal, Vladimir jr"]
[Black "Madan, Augustin"]
[Result "1/2-1/2"]
[WhiteElo "2407"]
[BlackElo "2411"]
[PlyCount "30"]
[EventDate "2006.07.29"]

1. d4 Nf6 2. c4 e6 3. Nf3 Nc6 4. Nc3 Bb4 5. Bg5 d6 6. Rc1 Qe7 7. d5 Bxc3+ 8.
Rxc3 Nb8 9. g3 e5 10. Bg2 Nbd7 11. O-O h6 12. Bc1 a5 13. b3 O-O 14. a3 Nc5 15.
b4 Na6 1/2-1/2

[Event "I Open A"]
[Site "Civitanova Marche ITA"]
[Date "2006.08.06"]
[Round "9"]
[White "Castaldo, Folco"]
[Black "Dini, Andrea"]
[Result "1-0"]
[WhiteElo "2336"]
[BlackElo "1930"]
[PlyCount "75"]
[EventDate "2006.07.29"]

1. e4 g6 2. d4 Bg7 3. Nc3 c6 4. Nf3 d5 5. h3 Nf6 6. Bd3 dxe4 7. Nxe4 Nxe4 8.
Bxe4 Nd7 9. O-O Nf6 10. Bd3 b6 11. Re1 O-O 12. Qe2 e6 13. Bf4 c5 14. dxc5 bxc5
15. Rad1 Qb6 16. c3 Bb7 17. Ne5 Rfd8 18. Bc4 Bd5 19. Bxd5 Nxd5 20. Bg3 Bf6 21.
Qf3 Kg7 22. c4 Ne7 23. Nd7 Rxd7 24. Rxd7 Rc8 25. Qb7 Qxb7 26. Rxb7 Rd8 27. Be5
Nc6 28. Bxf6+ Kxf6 29. Rb5 Nb4 30. Rxc5 Rd2 31. Re3 g5 32. Rb3 Nd3 33. Rc7 Ne5
34. c5 Rc2 35. Rc3 Rxb2 36. Rxa7 Nc6 37. Rf3+ Kg6 38. Raxf7 1-0

[Event "I Open A"]
[Site "Civitanova Marche ITA"]
[Date "2006.08.06"]
[Round "9"]
[White "Guidi, Maurizio"]
[Black "Rombaldoni, Axel"]
[Result "0-1"]
[WhiteElo "2090"]
[BlackElo "2169"]
[PlyCount "114"]
[EventDate "2006.07.29"]

1. e4 c5 2. Nc3 Nc6 3. g3 g6 4. Bg2 Bg7 5. f4 e6 6. d3 Nge7 7. Nf3 d5 8. O-O
O-O 9. g4 dxe4 10. dxe4 f5 11. gxf5 Bxc3 12. bxc3 exf5 13. e5 Qxd1 14. Rxd1 Rd8
15. Rd6 Rxd6 16. exd6 Nd5 17. Ne5 Be6 18. c4 Ndb4 19. c3 Nxe5 20. cxb4 Nxc4 21.
Bxb7 Rb8 22. d7 Rd8 23. bxc5 Rxd7 24. c6 Rd1+ 25. Kf2 Nd6 26. Ke2 Rh1 27. Kd3
Bd5 28. Kd4 Rd1+ 29. Ke5 Nc4+ 30. Kf6 Re1 31. Bc8 Nd6 32. Bd7 Ne8+ 33. Bxe8
Rxe8 34. c7 Re6+ 35. Kg5 Rc6 36. Ba3 Rxc7 37. Bd6 Rc6 38. Be5 Rc2 39. Kf6 Bxa2
40. Rd1 Rc6+ 41. Ke7 Re6+ 42. Kd7 Kf7 43. Ra1 Bc4 44. Rc1 Bb5+ 45. Kd8 Re7 46.
h4 h6 47. Rg1 Bc4 48. h5 g5 49. Bd6 Re8+ 50. Kc7 g4 51. Rc1 Bd5 52. Be5 g3 53.
Kd6 Rd8+ 54. Kc7 Ke8 55. Bd6 Rd7+ 56. Kc8 Rxd6 57. Kc7 Re6 0-1

[Event "I Open A"]
[Site "Civitanova Marche ITA"]
[Date "2006.08.06"]
[Round "9"]
[White "Piscopo, Pierluigi"]
[Black "Pulito, Alberto"]
[Result "1/2-1/2"]
[WhiteElo "2393"]
[BlackElo "2215"]
[PlyCount "20"]
[EventDate "2006.07.29"]

1. Nf3 d5 2. c4 c6 3. e3 Nf6 4. Nc3 e6 5. b3 Bd6 6. Bb2 Nbd7 7. d4 Ne4 8. Nxe4
dxe4 9. Nd2 f5 10. g3 Qe7 1/2-1/2

[Event "I Open A"]
[Site "Civitanova Marche ITA"]
[Date "2006.08.06"]
[Round "9"]
[White "Rinaudo, Andrea"]
[Black "Stromboli, Carlo"]
[Result "0-1"]
[WhiteElo "2116"]
[BlackElo "2196"]
[PlyCount "98"]
[EventDate "2006.07.29"]

1. e4 e5 2. Nf3 Nc6 3. Nc3 Nf6 4. Bb5 Nd4 5. Bc4 Bc5 6. d3 d6 7. Nxd4 Bxd4 8.
Bg5 Be6 9. Bxe6 fxe6 10. Qd2 O-O 11. O-O Qe8 12. Be3 Bxe3 13. fxe3 d5 14. exd5
exd5 15. Ne2 c6 16. Ng3 Qg6 17. Qe2 Ng4 18. Rxf8+ Rxf8 19. Rf1 Rxf1+ 20. Nxf1
Nf6 21. Ng3 Qg5 22. Qf3 Ng4 23. Nf1 g6 24. h3 Nh6 25. Qg3 Qf6 26. Qf2 Kg7 27.
Qxf6+ Kxf6 28. Kf2 Nf7 29. g4 Nd6 30. c3 a5 31. b3 a4 32. c4 e4 33. cxd5 axb3
34. axb3 cxd5 35. d4 Nc8 36. Kg3 Ne7 37. Kf4 h6 38. h4 h5 39. gxh5 gxh5 40. Kg3
Nf5+ 41. Kh3 Kg6 42. Ng3 Nxe3 43. Ne2 Nc2 44. Nf4+ Kf5 45. Nxd5 Nxd4 46. b4 Ke5
47. Ne3 Kf4 48. Nd1 Kf3 49. Kh2 e3 0-1

[Event "I Open A"]
[Site "Civitanova Marche ITA"]
[Date "2006.08.06"]
[Round "9"]
[White "Rombaldoni, Denis"]
[Black "D'Andrea, Stefano"]
[Result "1-0"]
[WhiteElo "2348"]
[BlackElo "2115"]
[PlyCount "53"]
[EventDate "2006.07.29"]

1. d4 Nf6 2. c4 c5 3. d5 b5 4. cxb5 a6 5. bxa6 Bxa6 6. Nc3 d6 7. g3 g6 8. Bg2
Bg7 9. Nf3 Nbd7 10. Rb1 O-O 11. O-O Qa5 12. Qc2 Rfb8 13. Bd2 Bc8 14. h3 Ne8 15.
Rfe1 Ne5 16. Nxe5 Bxe5 17. f4 Bxc3 18. Bxc3 Qxa2 19. e4 Nc7 20. Bf1 Bd7 21. Qd2
f6 22. g4 Bb5 23. Bg2 Bc4 24. e5 Nb5 25. exf6 Nxc3 26. Qxc3 Bxd5 27. Ra1 1-0

[Event "I Open A"]
[Site "Civitanova Marche ITA"]
[Date "2006.08.06"]
[Round "9"]
[White "Stromboli, Ettore"]
[Black "Tribuiani, Renato"]
[Result "1-0"]
[WhiteElo "2224"]
[BlackElo "2091"]
[PlyCount "71"]
[EventDate "2006.07.29"]

1. e4 c6 2. d4 d5 3. Nc3 dxe4 4. Nxe4 Nd7 5. Ng5 Ngf6 6. Bd3 h6 7. Ne6 Qa5+ 8.
Bd2 Qb6 9. Nxf8 Nxf8 10. Bc3 Bg4 11. Qd2 Nd5 12. Ne2 Bxe2 13. Bxe2 Nxc3 14.
bxc3 e6 15. O-O Nd7 16. Rab1 Qc7 17. Rb3 O-O 18. c4 Nf6 19. Rfb1 b6 20. Rh3
Rfd8 21. Rbb3 e5 22. Rbg3 Kf8 23. Rxg7 Rxd4 24. Qxh6 Qd6 25. Bd3 Ke7 26. Re3
Re8 27. h3 Nd7 28. Qg5+ Qf6 29. Qg3 Kd6 30. Rg4 Rxg4 31. Qxg4 Nc5 32. Rf3 Qe7
33. Qg7 Rf8 34. Bg6 f6 35. Qh6 Qe6 36. Qxf8+ 1-0

[Event "II Open B"]
[Site "Pedavena ITA"]
[Date "2006.08.01"]
[Round "1"]
[White "Bettini, Alessandro"]
[Black "Dal Pra Caputo, Stefano"]
[Result "1-0"]
[WhiteElo "1739"]
[BlackElo "1461"]
[PlyCount "115"]
[EventDate "2006.08.01"]

1. c4 e5 2. Nc3 Nc6 3. d3 Nf6 4. g3 Bb4 5. Bg2 Bxc3+ 6. bxc3 O-O 7. Bg5 d6 8.
e3 h6 9. Bxf6 Qxf6 10. Qf3 Qg6 11. Qd1 Qf6 12. Ne2 Bg4 13. O-O Bf3 14. Bxf3
Qxf3 15. Nc1 Qxd1 16. Rxd1 Rfd8 17. Rb1 b6 18. e4 Ne7 19. a4 c5 20. Ne2 Nc6 21.
g4 g6 22. Ng3 Kg7 23. Nf1 Ne7 24. Ne3 Rf8 25. h4 f5 26. gxf5 gxf5 27. Ng2 Kf6
28. f3 f4 29. Kf2 Nc6 30. Rh1 h5 31. Rbg1 Rg8 32. Ne1 Na5 33. Nc2 Nc6 34. Na3
a6 35. Rb1 Rab8 36. Rhg1 Ne7 37. Rxg8 Nxg8 38. Rg1 Ne7 39. Rg5 Rh8 40. Nc2 Ng6
41. Rf5+ Ke6 42. d4 Nxh4 43. d5+ Ke7 44. Rg5 Kf6 45. Rg1 Ng6 46. Rb1 Rb8 47.
Na3 h4 48. Kg2 Kg5 49. Kh3 Kh5 50. a5 b5 51. cxb5 axb5 52. Rxb5 Ra8 53. Nc4 Ne7
54. Nxd6 Nc8 55. Nf7 Ra7 56. Nxe5 Nd6 57. Rxc5 Nb7 58. Rc7 1-0

[Event "II Open B"]
[Site "Pedavena ITA"]
[Date "2006.08.01"]
[Round "1"]
[White "Bortolotto, Denzio"]
[Black "Delle Fave, Fabio"]
[Result "0-1"]
[WhiteElo "1461"]
[BlackElo "1747"]
[PlyCount "108"]
[EventDate "2006.08.01"]

1. e4 c6 2. d4 d5 3. Nd2 dxe4 4. Nxe4 Bf5 5. Ng3 Bg6 6. Nf3 Nd7 7. Bc4 e6 8.
O-O Ngf6 9. Bg5 Be7 10. c3 h6 11. Bxf6 Bxf6 12. Bd3 Bxd3 13. Qxd3 Qc7 14. Rad1
O-O 15. h3 Rad8 16. Qe4 Qa5 17. a3 Qd5 18. Qxd5 cxd5 19. Rd3 Rc8 20. Rfd1 Rc7
21. Nf1 Rfc8 22. Ne3 Nb6 23. Ne5 Na4 24. R3d2 Bxe5 25. dxe5 Nc5 26. Rd4 b5 27.
f3 a5 28. f4 g6 29. g4 Kg7 30. f5 Rb8 31. fxe6 fxe6 32. Ng2 Nd7 33. Re1 Rc4 34.
Nf4 Nf8 35. h4 Rxd4 36. cxd4 Rc8 37. Nd3 Rc4 38. Nf2 Rxd4 39. Re2 Nd7 40. Kg2
Kf7 41. Kg3 a4 42. g5 h5 43. Nh3 Rg4+ 44. Kh2 Rxh4 45. Rf2+ Kg7 46. Re2 Re4 47.
Rxe4 dxe4 48. Nf4 Kf7 49. Kg2 Nxe5 50. Kf2 Nd3+ 51. Nxd3 exd3 52. Ke3 e5 53.
Kxd3 Ke6 54. Ke4 h4 0-1

[Event "II Open B"]
[Site "Pedavena ITA"]
[Date "2006.08.01"]
[Round "1"]
[White "Buzzatti, Matteo"]
[Black "Sanavio, Giancarlo"]
[Result "0-1"]
[WhiteElo "1473"]
[BlackElo "1799"]
[PlyCount "22"]
[EventDate "2006.08.01"]

1. e4 d5 2. d4 dxe4 3. Nc3 Nf6 4. h3 Bf5 5. Be2 e6 6. f3 Bb4 7. g4 Bg6 8. Bf1
Nd5 9. Bd2 e3 10. Nge2 Qh4+ 11. Ng3 Qxg3+ 0-1

[Event "II Open B"]
[Site "Pedavena ITA"]
[Date "2006.08.01"]
[Round "1"]
[White "Dal Broi, Marco"]
[Black "Bisaro, Andrea"]
[Result "0-1"]
[WhiteElo "1409"]
[BlackElo "1608"]
[PlyCount "114"]
[EventDate "2006.08.01"]

1. e4 g6 2. d4 Bg7 3. Nf3 c5 4. c3 cxd4 5. cxd4 Qa5+ 6. Qd2 Qxd2+ 7. Bxd2 Nc6
8. Bc3 a6 9. Bd3 d6 10. h3 Nh6 11. Nbd2 f5 12. d5 Bxc3 13. bxc3 Nd8 14. c4 fxe4
15. Bxe4 Bf5 16. g4 Bxe4 17. Nxe4 O-O 18. Ke2 Kg7 19. Nd4 Nhf7 20. f4 Re8 21.
Rhe1 e5 22. dxe6 Nxe6 23. Nxe6+ Rxe6 24. Kd3 b5 25. Rac1 bxc4+ 26. Rxc4 d5 27.
f5 dxc4+ 28. Kxc4 gxf5 29. gxf5 Rxe4+ 30. Rxe4 Nd6+ 31. Kd4 Nxe4 32. Kxe4 Kf6
33. Kd5 Rd8+ 34. Kc6 Kxf5 35. a4 Rb8 36. a5 Kf4 37. Kc7 Rb3 38. Kc6 Kg3 39. h4
Kxh4 40. Kc5 Kg4 41. Kc4 Rb8 42. Kd4 h5 43. Ke3 Rf8 44. Kd4 h4 45. Kc5 Rb8 46.
Kc6 h3 47. Kc7 Rb1 48. Kc6 h2 49. Kd5 h1=Q+ 50. Kd4 Qc6 51. Ke5 Rb5+ 52. Kd4
Rxa5 53. Kd3 Rd5+ 54. Ke2 Qe6+ 55. Kf2 Kh3 56. Kg1 Qe2 57. Kh1 Rd1# 0-1

[Event "II Open B"]
[Site "Pedavena ITA"]
[Date "2006.08.01"]
[Round "1"]
[White "Dalle Case, Rossano"]
[Black "Baschirotto, Marco"]
[Result "0-1"]
[WhiteElo "1434"]
[BlackElo "1637"]
[PlyCount "28"]
[EventDate "2006.08.01"]

1. d4 d5 2. Nf3 c6 3. e3 Nf6 4. c4 e6 5. Bd3 dxc4 6. Bxc4 Bd6 7. O-O Nbd7 8.
Qc2 b5 9. Bd3 Bb7 10. Ng5 Bxh2+ 11. Kxh2 Ng4+ 12. Kg1 Qxg5 13. e4 Qh4 14. f3
Qh2# 0-1

[Event "II Open B"]
[Site "Pedavena ITA"]
[Date "2006.08.01"]
[Round "1"]
[White "De Bortoli, Thomas"]
[Black "De Vettor, Marc"]
[Result "0-1"]
[WhiteElo "1458"]
[BlackElo "1700"]
[PlyCount "64"]
[EventDate "2006.08.01"]

1. e4 Nf6 2. Nc3 d6 3. d4 g6 4. Nf3 Bg7 5. Be3 O-O 6. Bd3 Nbd7 7. O-O e5 8. d5
a6 9. Qd2 Ng4 10. Bg5 f6 11. Bh4 Qe8 12. h3 Nh6 13. Nh2 Nb6 14. f4 exf4 15.
Rxf4 g5 16. Bxg5 fxg5 17. Rxf8+ Qxf8 18. Qxg5 Qf6 19. Qxf6 Bxf6 20. Rf1 Bd4+
21. Kh1 Bd7 22. Nd1 Rf8 23. Rxf8+ Kxf8 24. c3 Be5 25. Nf3 Nf7 26. c4 Na4 27. b3
Nc5 28. Bc2 b5 29. cxb5 axb5 30. Nf2 b4 31. Bd3 Bg3 32. Bc2 Bxf2 0-1